header

Riot and great anger (Record no. 98656)

MARC details
000 -LEADER
fixed length control field 01698nam a2200337 a 4500
082 04 - DEWEY DECIMAL CLASSIFICATION NUMBER
Classification number 363.31/09417/0904
100 1# - MAIN ENTRY--AUTHOR NAME
Personal name Dean, Joan Fitzpatrick,
245 10 - TITLE STATEMENT
Title Riot and great anger
260 ## - PUBLICATION, DISTRIBUTION, ETC. (IMPRINT)
Place of publication Madison :
Name of publisher University of Wisconsin Press,
Year of publication c2004.
300 ## - PHYSICAL DESCRIPTION
Number of Pages xiii, 261 p.
490 1# - SERIES STATEMENT
Series statement Irish studies in literature and culture
505 0# - FORMATTED CONTENTS NOTE
Formatted contents note Theatrical censorship and disorder in Ireland -- Theatre, art, and censorship -- The evil genius -- The boom of the ban -- The riot in Westport; or George A. Birmingham at home -- The freedom of the theatre in the Irish Free State, 1922-1929 -- Irish stage censorship from Salome through Roly Poly -- The fifties -- New theatrical economies.
650 #0 - SUBJECT ADDED ENTRY--TOPICAL TERM
Topical Term Theater
856 40 - ELECTRONIC LOCATION AND ACCESS
Uniform Resource Identifier http://site.ebrary.com/lib/rucke/Doc?id=10372241

No items available.

© 2026 Rongo University
Contact us: librarian | system librarian | Rongo university